Factors influencing customer selection of courier company / (Record no. 284080)
[ view plain ]
| 000 -LEADER | |
|---|---|
| fixed length control field | 00628nam a2200205Ia 4500 |
| 008 - FIXED-LENGTH DATA ELEMENTS--GENERAL INFORMATION | |
| fixed length control field | 150520s9999 xx 000 0 und d |
| 050 ## - LIBRARY OF CONGRESS CALL NUMBER | |
| Classification number | HF 5415 |
| 050 ## - LIBRARY OF CONGRESS CALL NUMBER | |
| Item number | .C284 2014 |
| 100 ## - MAIN ENTRY--PERSONAL NAME | |
| Personal name | Carlon, Charlene Erika E. |
| 245 ## - TITLE STATEMENT | |
| Title | Factors influencing customer selection of courier company / |
| 245 ## - TITLE STATEMENT | |
| Statement of responsibility, etc | Charlene Erika E. Carlon, Jerilee S. Cornelio. |
| 260 ## - PUBLICATION, DISTRIBUTION, ETC. (IMPRINT) | |
| Place of publication, distribution, etc | Las Piñas, Philippines : |
| 260 ## - PUBLICATION, DISTRIBUTION, ETC. (IMPRINT) | |
| Name of publisher, distributor, etc | SISC, |
| 260 ## - PUBLICATION, DISTRIBUTION, ETC. (IMPRINT) | |
| Date of publication, distribution, etc | 2014. |
| 300 ## - PHYSICAL DESCRIPTION | |
| Extent | 40 pages : |
| 300 ## - PHYSICAL DESCRIPTION | |
| Other physical details | illustrations ; |
| 300 ## - PHYSICAL DESCRIPTION | |
| Dimensions | 28 cm. |
| 500 ## - GENERAL NOTE | |
| General note | Includes bibliographical references and appendices. |
| 650 ## - SUBJECT ADDED ENTRY--TOPICAL TERM | |
| Topical term or geographic name as entry element | Customer relationship management |
No items available.